[Event "GER-chT Youth Countries 2018"]
[Site "Wurzburg"]
[Date "2018.10.06"]
[Round "6"]
[White "Pallas, Sebastian"]
[Black "Burian, Simon"]
[Result "1-0"]
[WhiteElo "2278"]
[BlackElo "2091"]
[Annotator "TA"]
[PlyCount "49"]
[EventDate "2018.10.03"]
[EventType "team-tourn"]
[EventCountry "GER"]
[SourceTitle "playchess.com"]
[Source "ChessBase"]
[SourceQuality "1"]

{[%evp 24,49,22,25,125,117,118,123,122,131,122,116,141,157,129,127,538,531,827,810,29988,29989,29990,29991,29991,29992,29992,29993]} 1. e4 c5 2. Nf3 d6 3. d4 cxd4 4. Nxd4 Nf6 5. Nc3 a6 6. Bg5 e6 7. f4 Be7 8. Qf3 Qc7 9. O-O-O Nbd7 10. g4 h6 {B99: Sizilianisch (Najdorf-Variante)} (10... b5 11. Bxf6 Nxf6 12. g5 Nd7 13. f5 O-O 14. h4 b4 15. Nce2 Bb7 16. Kb1 Rac8 17. Bh3 e5 18. f6 exd4 19. fxe7 Rfe8 20. Nxd4 Rxe7 21. Nf5 Rxe4 22. Nxd6 Rd4 23. Qxf7+ Kh8 24. Nxc8 {1-0 (24) Sutovsky,E (2683)-Huschenbeth,N (2596) Douglas 2017}) 11. Bxf6 Bxf6 12. Kb1 Qb6 13. Nb3 {LiveBook: 3 Partien} Nc5 {[#]} (13... Qc7 $11) 14. e5 $1 $16 {[%mdl 512]} Be7 $146 (14... dxe5 15. Nxc5) ({Vorgänger:} 14... dxe5 15. Nxc5 Qxc5 16. Ne4 Qc6 17. Bg2 O-O 18. Nxf6+ gxf6 19. Qh3 Qc4 20. fxe5 fxe5 21. Qxh6 Qf4 22. g5 Qf5 23. Be4 Qxe4 24. g6 fxg6 25. Rhg1 {1-0 (25) Sulskis,S (2504)-Hunt,H (2422) Warsaw 2005}) 15. exd6 Bxd6 16. Nxc5 Bxc5 17. Na4 Qb4 18. Nxc5 Qxc5 19. h4 Bd7 $2 {[%mdl 8192] [#]} (19... Rb8 $16 {ist eine bessere Chance.}) 20. Rxd7 $1 $18 {[%mdl 512]} Kxd7 21. Qxb7+ Qc7 {[#]} 22. Bb5+ $1 {[%mdl 512] Weiß setzt Matt.} axb5 23. Rd1+ Ke7 24. Qxc7+ Kf6 25. Rd7 {Precision: Weiß = 100%, Schwarz = 10%.} 1-0

[Event "GER-chT Youth Countries 2018"]
[Site "Wurzburg"]
[Date "2018.10.06"]
[Round "6"]
[White "Herbrig, Alexander"]
[Black "Sieber, Fiona"]
[Result "0-1"]
[WhiteElo "2277"]
[BlackElo "2246"]
[Annotator "TA"]
[PlyCount "120"]
[EventDate "2018.10.03"]
[EventType "team-tourn"]
[EventCountry "GER"]
[SourceTitle "playchess.com"]
[Source "ChessBase"]
[SourceQuality "1"]

{[%evp 21,120,-22,-24,-34,-20,-28,-19,-35,-35,-45,-31,-33,-36,-40,-41,-43,0,-23,-25,-60,-52,-60,-60,-58,-63,-176,-196,-189,-179,-267,-230,-238,-222,-178,-127,-151,-165,-165,-172,-256,-254,-250,-176,-175,-166,-168,-159,-167,-144,-216,-152,-158,-136,-147,-136,-139,-124,-127,-120,-120,-107,-106,-113,-493,-491,-487,-472,-491,-483,-487,-468,-479,-475,-485,-456,-491,-487,-495,-485,-477,-506,-510,-506,-502,-458,-508,-500,-504,-496,-510,-503,-533,-522,-523,-513,-561,-560,-547,-559,-566,-567]} 1. d4 Nf6 2. Nf3 g6 3. Bg5 Bg7 4. Nbd2 O-O 5. c3 d6 6. e4 c5 7. dxc5 dxc5 8. Bc4 Nc6 9. a4 {A48: Königsindisch (ohne c2-c4)} (9. Qe2 Qc7 10. O-O h6 11. Bxf6 Bxf6 12. Qe3 Bg7 13. Qxc5 b6 14. Qe3 Bb7 15. Rfd1 e6 16. Be2 Rfd8 17. Nf1 a6 18. h4 b5 19. N1h2 Rxd1+ 20. Rxd1 {1-0 (35) Harikrishna,P (2744)-Duda,J (2717) Riadh 2017}) 9... Qc7 10. O-O h6 11. Bh4 Nh5 {LiveBook: 3 Partien} 12. Qc2 b6 13. Rfe1 {[#]} e6 $146 ({Vorgänger:} 13... Bg4 14. Re3 Rad8 15. Rae1 Na5 16. Bf1 c4 17. Nd4 Bxd4 18. cxd4 Rxd4 19. b4 {½-½ (49) Siebrecht,S (2453)-Fontaine,R (2554) Paleochora 2008}) 14. Rad1 g5 15. Bg3 Nxg3 16. hxg3 Bb7 17. Ba2 Rad8 18. Nc4 Ba8 19. Rxd8 Rxd8 20. e5 Ne7 21. Nd6 Bxf3 $1 22. gxf3 Ng6 $1 {[%cal Rg6e5]} 23. f4 ({Besser ist} 23. Kg2 $15) 23... gxf4 $19 24. gxf4 Nxf4 {zielt auf ...Lxe5! ab.} 25. Bb1 (25. Qd2 $142 Bxe5 26. Rxe5) 25... Qe7 {( -> ...Dg5+)} 26. Qe4 Qh4 $1 27. Re3 Nh3+ (27... f5 $19 28. Qf3 Bf8) 28. Kh2 {[#]} Qxe4 $1 29. Nxe4 Nf4 30. Rg3 (30. Nf6+ {ist eine bessere Verteidigung.} Bxf6 31. exf6) 30... Kf8 31. Nf6 Bxf6 32. exf6 {[%mdl 4096] Endspiel KTL-KTS} Rd5 33. Rf3 Rh5+ 34. Kg3 e5 35. Re3 (35. Kg4 $17) 35... Ke8 36. Bc2 Kd7 {Droht stark ...Ke6.} 37. Bb3 Rg5+ 38. Kf3 Nh5 39. Rd3+ Kc7 40. Bxf7 Nxf6 {Und ...e4+ würde nun gewinnen.} 41. Ke2 Rg7 42. Be6 $2 {[%mdl 8192] [#]} (42. Bb3 $17) 42... Nh5 $1 {Schwarz steht klar auf Gewinn.} 43. Re3 Nf4+ 44. Kf3 Nxe6 45. Rxe5 {KTS-KT} Kd6 46. Rh5 Rg6 47. Ke4 Ng7 48. Rd5+ Kc6 49. Rd2 Rd6 50. Rc2 Re6+ 51. Kf4 Rf6+ 52. Ke5 Rf5+ 53. Ke4 Kd6 54. f4 Ke6 55. Rg2 Nh5 56. Rg6+ Rf6 57. f5+ Kf7 58. Rg1 Ng7 59. Rd1 Ke7 60. Rd5 {[#]} Nxf5 $1 {Precision: Weiß = 46%, Schwarz = 88%.} 0-1

[Event "GER-chT Youth Countries 2018"]
[Site "Wurzburg"]
[Date "2018.10.06"]
[Round "6"]
[White "Riehle, Marco"]
[Black "Sawlin, Leonid"]
[Result "1/2-1/2"]
[WhiteElo "2265"]
[BlackElo "2360"]
[Annotator "TA"]
[PlyCount "58"]
[EventDate "2018.10.03"]
[EventType "team-tourn"]
[EventCountry "GER"]
[SourceTitle "playchess.com"]
[Source "ChessBase"]
[SourceQuality "1"]

{[%evp 26,58,-26,-27,-29,-29,0,0,0,0,0,0,0,0,0,0,0,0,0,0,0,0,0,0,0,0,4,0,4,4,4,5,4,11,7]} 1. e4 c5 2. Nf3 d6 3. d4 cxd4 4. Nxd4 Nf6 5. f3 e5 6. Nb3 d5 7. Bg5 Be6 8. Bxf6 gxf6 9. exd5 Qxd5 10. Qxd5 Bxd5 11. Nc3 Be6 12. O-O-O {B55: Sicilian: 2...d6 3 d4 cxd4 4 Nxd4 Nf6 5 f3} Nd7 13. Nd5 O-O-O 14. Bb5 {LiveBook: 3 Games. Black has an edge.} f5 15. Rhe1 {[#]} Nc5 $146 ({Predecessor:} 15... Bh6+ 16. Kb1 Nb6 17. Ne7+ Kb8 18. Rxd8+ Rxd8 19. Bd3 Bf8 20. Nxf5 Rxd3 21. cxd3 Bxf5 22. Rxe5 Bxd3+ {½-½ (68) Kobalia,M (2625)-Palac,M (2564) Kallithea 2002}) 16. Nxc5 {The position is equal.} ({Much weaker is} 16. Rxe5 Bd6 $17) 16... Bxc5 17. Bc4 ({Much worse is} 17. Rxe5 Bd6 $17) 17... Bd4 18. c3 {[#] aiming for Ne7+.} Bxd5 19. Bxd5 Rxd5 20. cxd4 $11 {[%mdl 4096] Endgame KRR-KRR} Rg8 21. Rd2 f6 22. dxe5 Rxd2 23. Kxd2 Rxg2+ {KR-KR} 24. Kc3 fxe5 25. Rxe5 Rg5 26. Kd4 Kd7 27. Re2 Kd6 28. Ke3 Rh5 29. Kf4 Rh3 1/2-1/2

[Event "GER-chT Youth Countries 2018"]
[Site "Wurzburg"]
[Date "2018.10.06"]
[Round "6"]
[White "Nguyen, Alex Dac-Vuong"]
[Black "Grund, Sebastian"]
[Result "0-1"]
[WhiteElo "2240"]
[BlackElo "1992"]
[Annotator "TA"]
[PlyCount "84"]
[EventDate "2018.10.03"]
[EventType "team-tourn"]
[EventCountry "GER"]
[SourceTitle "playchess.com"]
[Source "ChessBase"]
[SourceQuality "1"]

{[%evp 39,84,25,27,15,22,4,32,18,55,0,0,0,0,0,0,0,0,0,0,0,0,0,0,0,0,-19,-16,-35,-42,-268,-259,-260,-241,-527,-507,-887,-887,-785,-760,-29983,-29984,-29995,-29988,-29985,-29986,-29986,-29987]} 1. e4 c5 2. Nf3 Nc6 3. d4 cxd4 4. Nxd4 g6 5. c4 Bg7 6. Be3 Nf6 7. Nc3 O-O 8. Be2 d6 9. O-O Bd7 10. Qd2 Nxd4 11. Bxd4 Bc6 12. f3 a5 13. b3 Nd7 14. Be3 Nc5 15. Rab1 Qb6 16. Rfc1 Rfc8 17. Rc2 h5 {B38: Sicilian: Maroczy Bind with 5...Bg7 and 7...0-0} (17... Qb4 18. Qc1 Qb6 19. Kh1 h5 20. a3 Qd8 21. Qd2 Kh7 22. Bf1 Qf8 23. b4 axb4 24. axb4 Na4 25. Ne2 {1-0 (55) Navara,D (2734)-Mamedov,R (2650) Huaian 2016}) 18. a3 Qd8 19. b4 axb4 20. axb4 Ne6 {LiveBook: 3 Games} 21. Nd5 Ra3 22. Kh1 Rca8 (22... Bxd5 $5 23. exd5 Nc7 $11) 23. f4 Ra1 $146 ({Predecessor:} 23... Nf8 24. Bf3 Nd7 25. h3 e6 26. b5 Bxd5 27. exd5 {1-0 (41) Bezemer,A (2320)-Wiersma,E (2382) Amsterdam 2002}) 24. Rxa1 (24. Rbc1 $14) 24... Rxa1+ $11 25. Rc1 Rxc1+ 26. Qxc1 Nd4 27. Bd3 e6 28. Nc3 Qa8 29. b5 Bd7 30. Qb2 Qa5 31. Bd2 $1 Qd8 32. Qb4 Qh4 33. Nd1 ({Wrong is} 33. Qxd6 $2 Qf2 $19) 33... e5 {[%cal Be6e5,Be5f4,Bf4f3][%mdl 32]} 34. c5 $2 (34. f5 $1 $15 gxf5 35. Qxd6 fxe4 36. Qxd7 exd3 37. Qe8+ (37. Qxb7 Bf8 $17) 37... Bf8 38. Qxe5) 34... dxc5 $19 ({Don't do} 34... exf4 35. c6 $17) 35. Qxc5 exf4 $40 {[%mdl 128] Hoping for ...Bg4. Black has strong attack.} 36. e5 $2 (36. Qc7 {might work better.} Bxb5 37. Qb8+ Kh7 38. Bxb5 Nxb5 39. Qxf4 Qxf4 40. Bxf4) 36... f3 {[#] And now ...fxg2+ would win.} 37. g3 (37. Bf1 $142 Bxb5 38. Bxb5 fxg2+ 39. Kxg2 Qg4+ 40. Kf2 Qf3+ 41. Ke1 Qh1+ 42. Bf1 Nf3+ 43. Ke2 Nxd2 44. Kxd2 Qxf1 45. e6 Qf4+ 46. Ke1 fxe6 47. Qc8+ Kh7 48. Qxb7) 37... Qh3 {[%csl Gf3][%cal Rh3g2]} 38. Ne3 Nf5 {( -> ...Nxe3)} 39. Bxf5 Bxf5 {Black mates.} (39... gxf5 $2 40. Qd5 $17) 40. Qc1 Be4 41. Kg1 {[#]} f2+ $1 {[%mdl 512]} 42. Kxf2 Qxh2+ {Precision: White = 26%, Black = 82%.} 0-1

[Event "GER-chT Youth Countries 2018"]
[Site "Wurzburg"]
[Date "2018.10.06"]
[Round "6"]
[White "Kuznecovs, Nikita"]
[Black "Richter, Leonard"]
[Result "1-0"]
[WhiteElo "2226"]
[BlackElo "2322"]
[Annotator "TA"]
[PlyCount "75"]
[EventDate "2018.10.03"]
[EventType "team-tourn"]
[EventCountry "GER"]
[SourceTitle "playchess.com"]
[Source "ChessBase"]
[SourceQuality "1"]

{[%evp 19,75,35,43,21,29,35,31,42,26,16,77,77,81,71,74,66,70,45,59,36,54,15,20,19,49,38,93,36,0,0,0,7,143,-6,-11,-19,-8,-22,131,84,69,-47,-26,-16,0,0,0,0,0,0,0,-299,-23,-12,-23,-131,-115,-236]} 1. Nf3 Nf6 2. d4 g6 3. c4 Bg7 4. Nc3 O-O 5. e4 d6 6. Be2 e5 7. O-O Nc6 8. d5 Ne7 9. b4 Nh5 10. Re1 f5 11. a4 {E97: King's Indian: Classical Main Line (6...e5 7 0-0 Nc6): 8 Be3 and 8 d5 Ne7, not 9 Ne1} (11. Ng5 Nf6 12. Bf3 h6 13. Ne6 Bxe6 14. dxe6 c6 15. b5 fxe4 16. Nxe4 Nxe4 17. Bxe4 d5 18. cxd5 cxd5 19. Ba3 dxe4 20. Qxd8 Rfxd8 21. Bxe7 {½-½ (38) Gozzoli,Y (2596)-Bacrot,E (2699) Nimes 2018}) 11... Nf6 12. a5 Nxe4 13. Nxe4 {White is slightly better.} fxe4 14. Ng5 h6 $146 (14... e3 $11 15. Bxe3 Nf5) ({Predecessor:} 14... e3 15. Bxe3 Nf5 16. Bd2 Bh6 {0-1 (16) Jijon,F (2309)-Harvey,D (2382) ICCF email 2015}) 15. Nxe4 $16 Kh7 16. Bf1 Nf5 17. c5 Nd4 18. cxd6 cxd6 19. b5 Bf5 20. Ba3 Bxe4 21. Rxe4 Rc8 22. Bd3 Rf6 (22... Nf5 $14) 23. Bb4 (23. h4 $16) 23... Qg8 24. Qg4 Rcf8 25. Rc1 {With the idea f4!} b6 (25... Kh8 $11 {keeps the balance.}) 26. a6 (26. f4 $16 Nb3 27. Rd1) 26... Qxd5 $11 {[#] And now ...Nf3+! would win.} 27. Bc4 Qa8 {...h5 is the strong threat.} 28. Bd3 $1 R8f7 $2 (28... h5 $11 29. Qh4 Rxf2) 29. h4 h5 30. Qc8 (30. Rc8 $14 Qd5 {[#]} 31. Qxh5+ $1 {[%mdl 512]} Bh6 32. Qd1 (32. Bd2 Nf5 $11)) 30... Qxc8 31. Rxc8 Rxf2 {aiming for ...d5.} 32. Bxd6 Rd2 33. Bc4 Rff2 $36 {[%mdl 2048] Black is pushing.} 34. Bf1 Nf5 35. Bb4 $2 {[%mdl 8192]} (35. Bxe5 $11 {and White has nothing to worry.} Bxe5 36. Rxe5) 35... Rb2 $2 (35... Ng3 $19 36. Re1 Ra2) 36. Be1 Rfc2 37. Rec4 (37. Rc6 $11) 37... Rxc4 $17 38. Bxc4 {[%mdl 32768] Precision: White = 40%, Black = 33%. . Loss on Time!?} (38. Rxc4 $17 Rxb5 39. Bd3) 1-0

[Event "GER-chT Youth Countries 2018"]
[Site "Wurzburg"]
[Date "2018.10.06"]
[Round "6"]
[White "Hartge, Gedeon"]
[Black "Arnhold, Steffi"]
[Result "1-0"]
[WhiteElo "2214"]
[BlackElo "1955"]
[Annotator "RC"]
[PlyCount "57"]
[EventDate "2018.10.03"]
[EventType "team-tourn"]
[EventCountry "GER"]
[SourceTitle "playchess.com"]
[Source "ChessBase"]
[SourceQuality "1"]
[TimeControl "40/5400+30:1800+30"]

1. d4 {[%emt 0:00:00]} Nf6 {[%emt 0:00:00]} 2. c4 {[%emt 0:00:00]} e6 {[%emt 0:00:00]} 3. Nc3 {[%emt 0:00:00]} Bb4 {[%emt 0:00:04]} 4. e3 {[%emt 0:00:04]} O-O {[%emt 0:00:31]} 5. Bd3 {[%emt 0:00:11]} d5 {[%emt 0:00:51]} 6. a3 {[%emt 0:00:10]} Bxc3+ 7. bxc3 {[%emt 0:00:04]} b6 {[%emt 0:02:53]} 8. cxd5 {[%emt 0:03:30]} exd5 {[%emt 0:00:14]} 9. Ne2 {[%emt 0:04:06]} c5 {[%emt 0:02:16]} 10. O-O {[%emt 0:00:29]} Nc6 {[%emt 0:02:35]} 11. Ng3 {[%emt 0:04:03]} Re8 {[%emt 0:03:48]} 12. f3 {[%emt 0:01:07]} h5 {[%emt 0:11:52]} 13. Ra2 {[%emt 0:01:37]} Qc7 {[%emt 0:18:10]} 14. Re2 {[%emt 0:11:55]} Bd7 {[%emt 0:05:22]} 15. Ree1 {[%emt 0:03:29]} Rad8 {[%emt 0:02:14]} 16. Qc2 {[%emt 0:11:45]} Bc8 {[%emt 0:07:18]} 17. Qf2 {[%emt 0:02:29]} g6 {[%emt 0:17:39]} 18. Bb2 {[%emt 0:08:15]} Re6 {[%emt 0:06:09]} 19. Ne2 {[%emt 0:05:34]} c4 {[%emt 0:02:20]} 20. Bc2 {[%emt 0:01:32]} b5 {[%emt 0:00:49]} 21. Nf4 {[%emt 0:02:23]} Ree8 {[%emt 0:00:21]} 22. Qg3 {[%emt 0:00:48]} Qd7 {[%emt 0:04:02]} 23. h3 {[%emt 0:04:51]} Ne7 {[%emt 0:05:28]} 24. e4 {[%emt 0:03:45]} Kh8 {[%emt 0:02:07]} 25. e5 {[%emt 0:03:56]} Nh7 {[%emt 0:01:00]} 26. e6 {[%emt 0:00:05]} fxe6 {[%emt 0:01:16]} 27. Nxe6 {[%emt 0:01:19]} Qd6 {[%emt 0:00:49]} 28. Qxd6 {[%emt 0:00:43]} Rxd6 {[%emt 0:00:14]} 29. Nc7 {[%emt 0:00:03]} 1-0

[Event "GER-chT Youth Countries 2018"]
[Site "Wurzburg"]
[Date "2018.10.06"]
[Round "6"]
[White "Oberhofer, Cedric"]
[Black "Kololli, Martin"]
[Result "1/2-1/2"]
[WhiteElo "2213"]
[BlackElo "2331"]
[Annotator "TA"]
[PlyCount "44"]
[EventDate "2018.10.03"]
[EventType "team-tourn"]
[EventCountry "GER"]
[SourceTitle "playchess.com"]
[Source "ChessBase"]
[SourceQuality "1"]

{[%evp 27,44,0,46,15,22,0,0,-4,0,0,0,0,0,-25,-15,-35,-6,-12,-6]} 1. e4 e5 2. Nf3 Nc6 3. Bb5 a6 4. Ba4 Nf6 5. O-O Be7 6. Re1 b5 7. Bb3 d6 8. c3 O-O 9. h3 Nb8 10. d4 Nbd7 11. Nbd2 Bb7 12. Bc2 Re8 13. a4 Bf8 14. b4 g6 {LiveBook: 5 Games} 15. Bd3 {C95: Closed Ruy Lopez: Breyer Variation with 10 d4} (15. d5 c6 16. c4 Qc7 17. dxc6 Bxc6 18. Ba3 Nb6 19. cxb5 axb5 20. a5 Nbd7 21. Bb3 Qb7 22. Qc2 d5 23. Rac1 Rac8 24. Qa2 Bh6 25. g4 Bf4 {0-1 (46) Wei,Y (2700)-Mamedyarov,S (2750) China 2016}) 15... d5 16. dxe5 dxe4 17. Nxe4 Nxe4 18. Bxe4 Bxe4 19. Rxe4 {[#] Black must now prevent Rd4.} Nxe5 $1 20. Nd4 $146 {Hoping for Qe2.} ({Predecessor:} 20. Qxd8 Nxf3+ 21. gxf3 Rexd8 22. Bg5 Rd5 {½-½ (73) Gruenfeld,Y-Romanishin,O (2610) Buenos Aires 1978}) 20... Qd5 21. Re1 Bg7 (21... Nd3 $5 {[%cal Re8e1]} 22. Rxe8 Rxe8 23. Qxd3 Re1+ 24. Kh2 Bd6+ 25. f4 Rxc1 26. Rxc1 Bxf4+ 27. g3 Bxc1 28. axb5 axb5 $11) 22. Bf4 Nc6 1/2-1/2

[Event "GER-chT Youth Countries 2018"]
[Site "Wurzburg"]
[Date "2018.10.06"]
[Round "6"]
[White "Schmider, Niklas"]
[Black "Knuedel, Torben"]
[Result "1-0"]
[WhiteElo "2190"]
[BlackElo "2135"]
[Annotator "TA"]
[PlyCount "69"]
[EventDate "2018.10.03"]
[EventType "team-tourn"]
[EventCountry "GER"]
[SourceTitle "playchess.com"]
[Source "ChessBase"]
[SourceQuality "1"]

{[%evp 21,69,8,13,0,0,0,16,14,11,6,39,36,41,31,48,35,39,46,40,42,68,55,45,47,85,80,99,89,122,58,119,125,161,108,120,119,217,172,215,218,524,556,851,337,355,343,5927,2538,29993,29994]} 1. e4 e5 2. Nf3 Nc6 3. Bb5 a6 4. Ba4 Nf6 5. d3 b5 6. Bb3 Be7 7. O-O O-O 8. Nc3 d6 9. a3 Rb8 {C77: Spanische Partie (Anderssen-Variante)} (9... h6 10. Be3 Re8 11. a4 b4 12. Nd5 Na5 13. Ba2 Nxd5 14. Bxd5 c6 15. Ba2 c5 16. Nd2 Bg5 17. f4 exf4 18. Bxf4 {1-0 (44) Vachier Lagrave,M (2779)-Caruana,F (2822) Saint Louis 2018}) 10. Nd5 Nxd5 11. Bxd5 Bd7 {LiveBook: 5 Partien. Die Stellung ist ausgeglichen.} 12. Be3 Bf6 13. b4 Ne7 $146 ({Vorgänger:} 13... Nd4 14. Nxd4 exd4 15. Bd2 c6 16. Bb3 c5 17. f4 {½-½ (42) Sabuk,P (2368)-Simantsev,M (2486) Gorzow Wielkopolski 2017}) 14. Bb3 Ng6 15. c3 Bc6 16. a4 Qd7 17. h3 h6 18. Qc2 d5 19. axb5 axb5 20. Ra7 Ra8 21. exd5 Bxd5 22. Bxd5 Qxd5 23. Rxc7 Ra2 24. Qb1 Rfa8 {[#]} 25. Rc5 ({Günstiger ist} 25. d4 $1 $16) 25... Qd7 (25... Qb7 $14) 26. d4 $16 exd4 27. Nxd4 (27. Bxd4 $18 Nf4 28. Bxf6 gxf6 29. Qe4 Ne2+ 30. Kh2) 27... Bxd4 28. cxd4 R8a4 (28... Ne7 $16 29. Qd3 Nd5 30. Qxb5 (30. Rxb5 Rb2 $16) 30... Qxb5 31. Rxb5 Rd8) 29. Rfc1 Ne7 30. Qe4 {[#] Droht stark Tc7.} f5 $2 (30... Ra1 {ist eine bessere Chance.} 31. Rxa1 Rxa1+ 32. Kh2 Ra6) 31. Qe5 $18 Ng6 32. Qg3 $2 (32. Qb8+ Kh7 33. Rc7) 32... Kh7 33. Rc7 Qd5 $2 (33... f4 34. Qxg6+ (34. Rxd7 fxg3 35. fxg3 Nf8 $16) 34... Kxg6 35. Rxd7 fxe3 36. Rc6+ (36. fxe3 Ra1 $18) 36... Kf5) 34. R1c6 Ne7 35. Rxe7 {Precision: Weiß = 66%, Schwarz = 24%.} 1-0

[Event "GER-chT Youth Countries 2018"]
[Site "Wurzburg"]
[Date "2018.10.06"]
[Round "6"]
[White "Walter, Kevin"]
[Black "Engel, Robert"]
[Result "1/2-1/2"]
[WhiteElo "2190"]
[BlackElo "2059"]
[Annotator "TA"]
[PlyCount "86"]
[EventDate "2018.10.03"]
[EventType "team-tourn"]
[EventCountry "GER"]
[SourceTitle "playchess.com"]
[Source "ChessBase"]
[SourceQuality "1"]

{[%evp 26,86,4,11,14,20,13,-41,3,-9,39,29,62,67,77,0,11,-18,-13,-25,-12,-29,0,0,0,-35,-1,-42,-42,-25,0,0,92,0,0,-107,-43,-140,-139,-148,-93,-89,-89,-89,-89,-89,-89,-89,-97,-89,-91,-89,-13,-19,-8,-19,0,-8,0,-19,0,-6,0]} 1. e4 c5 2. Nf3 d6 3. d4 cxd4 4. Nxd4 Nf6 5. Nc3 a6 6. Be2 e5 7. Nb3 Be7 8. O-O O-O 9. Re1 Be6 {B92: Sicilian Najdorf: 6 Be2} 10. Bf3 Nbd7 (10... Qc7 11. Be3 Nbd7 12. a4 Rfc8 13. h3 h6 14. Nc1 Bd8 15. N1e2 Qb8 16. Ng3 Ba5 17. Bd2 {½-½ (35) Sasikiran,K (2677)-Giri,A (2762) Antalya 2017}) 11. a4 Qb8 12. Nd2 Rc8 13. Nf1 Bd8 14. Ne3 {LiveBook: 9 Games} Ba5 15. Bd2 Qc7 {[%cal Ra5c3] [#]} 16. g4 $146 (16. Ncd5 $11 Bxd5 17. Bxa5 Qxa5 18. exd5) ({Predecessor:} 16. Ncd5 Bxd5 17. exd5 {½-½ (63) Najer,E (2628)-Swiercz,D (2636) Germany 2013}) 16... Nc5 17. Nf5 Bxc3 18. Bxc3 Ne8 19. a5 g6 20. Ne3 (20. Nh6+ $16 Kg7 21. g5) 20... Nf6 $11 21. Nd5 Nxd5 22. exd5 Bd7 23. Bb4 f5 24. gxf5 Bxf5 25. Bg2 Qd8 26. Ra3 Qh4 27. Qd2 Bxc2 28. Rh3 $1 {[%cal Rh3h4]} Qg4 (28... Qd4 $11 {remains equal.}) 29. Qh6 ({Better is} 29. Bc3 $1 $16 Ba4 30. f4 $1 {[%mdl 512]}) 29... Qd7 $36 {[%mdl 2048] aiming for ...Nd3. Black has some pressure.} 30. Qd2 (30. Rc3 $1 $11 Qb5 31. Qh4 (31. Bxc5 Rxc5 32. Rxc5 Qxc5 $17)) 30... Bf5 (30... Nb3 $17 31. Qh6 Nd4) 31. Rhe3 {[#]} (31. Rc3 $15) 31... Na4 $1 $17 32. Be4 Bxe4 (32... Rc4 $142 33. Bxd6 Qxd6 34. Bxf5 gxf5 35. Rg3+ Rg4 36. Rxg4+ fxg4 37. Qg5+ Qg6 38. Qxe5 Qg7) 33. Rxe4 Nc5 34. Bxc5 Rxc5 35. b4 Rc7 36. f4 exf4 37. Qxf4 Rf8 38. Qg3 Qf5 ({Black should try} 38... Qd8 $17 {White should prevent ...Qf6.} 39. Qe3 Qf6) 39. Qxd6 $11 {The position is equal.} Qf2+ 40. Kh1 Qf3+ 41. Kg1 Qf2+ 42. Kh1 Qf3+ 43. Kg1 Qf2+ {Precision: White = 49%, Black = 29%.} 1/2-1/2

[Event "GER-chT Youth Countries 2018"]
[Site "Wurzburg"]
[Date "2018.10.06"]
[Round "6"]
[White "Browning, Alex"]
[Black "Neukirchner, Pascal"]
[Result "0-1"]
[WhiteElo "2150"]
[BlackElo "2294"]
[Annotator "TA"]
[PlyCount "70"]
[EventDate "2018.10.03"]
[EventType "team-tourn"]
[EventCountry "GER"]
[SourceTitle "playchess.com"]
[Source "ChessBase"]
[SourceQuality "1"]

{[%evp 10,70,24,26,30,0,0,-8,19,-6,-12,0,8,7,12,12,6,0,0,0,0,-2,0,-24,-10,-10,-12,-26,-35,-34,-28,-27,0,0,0,-21,-12,-21,0,-35,-12,-18,-8,-27,-24,-28,-19,-53,-52,-40,-30,-70,-41,-29978,0,-29979,-29979,-29975,-5385,-29987,-29988,-29995,-29996]} 1. e4 c5 2. Nf3 Nc6 3. c3 d5 4. exd5 Qxd5 5. d4 Bf5 6. Be3 cxd4 {B22: Sicilian: 2 c3} (6... Nf6 7. Qb3 cxd4 8. Nxd4 Nxd4 9. Bxd4 a6 10. Nd2 e6 11. Be2 O-O-O 12. Nc4 Bc5 13. O-O Be4 14. Rfd1 {1-0 (32) Jones,G (2676)-Pichot,A (2556) Sharjah 2017}) 7. cxd4 Bxb1 8. Rxb1 Qxa2 {The position is equal.} 9. Bd3 $146 ({Predecessor:} 9. Be2 Nf6 10. O-O e6 11. Ne5 Qa5 12. b4 Bxb4 13. Qb3 Nd5 14. Bc4 Nxe3 15. fxe3 Nxe5 16. dxe5 {1-0 (43) Delaney,K (2120)-Melling,J (1877) Ireland 2014}) 9... e6 10. O-O Nf6 11. Ne5 {[#] Hoping for Nc4.} Qa5 12. Ra1 Qc7 $1 13. Qa4 {Strongly threatening Rfc1.} Bd6 14. Rfc1 {[%cal Re5c6]} O-O 15. Nxc6 {Ne5 is the strong threat.} bxc6 16. h3 Nd5 17. Rxc6 Qe7 18. Be4 (18. Bd2 {looks sharper.} Rab8 19. Qxa7 Rxb2 20. Qxe7 Bxe7 21. Bc1) 18... Nxe3 19. Rxd6 Qxd6 20. Bxa8 Rxa8 (20... Nf5 $5 {[%cal Rf8a8]} 21. Be4 Nxd4 $15) 21. fxe3 $11 {[%mdl 4096] Endgame KQR-KQR} Qg3 22. Qb3 Rc8 23. Qd3 h5 {[%cal Bh7h5,Bh5h4][%mdl 32]} 24. Rd1 h4 (24... g6 {feels hotter.} 25. b4 a6 26. e4 Qxd3 27. Rxd3 Rc4) 25. Qe2 $1 Qc7 (25... g6 {with more complications.} 26. Qd2 Rc7 27. b4 Qd6 28. d5 Rc4) 26. e4 Qc2 27. Kf2 Qa4 28. Rd2 Rc1 29. Qd3 Qa1 30. d5 {And now dxe6 would win.} Rh1 $36 {[%mdl 2048] ( -> ...Qe1+). Black has some pressure.} 31. Qe2 $2 {[%mdl 8192]} (31. Kf3 $15 Rf1+ 32. Kg4) 31... Qg1+ 32. Kf3 {[#]} Rxh3+ $1 {[%mdl 512]} 33. Kg4 (33. gxh3 Qg3#) 33... Qh2 (33... Rg3+ $142 34. Kf4 Qh2 35. Qe1 g5+ 36. Ke5 Rxg2+ 37. Kf6 Qf4+ 38. Ke7 Rxd2 39. e5 exd5 40. b3 h3 41. b4 Qxb4+ 42. Kf6 Kf8 43. Qe3 h2 44. Qh3 Qe7+ 45. Kf5 Qe6+ 46. Kxg5 Qxh3 47. Kf6 Qh4+ 48. Kf5 Rf2#) 34. Qf2 Rg3+ 35. Kh5 h3 {Precision: White = 24%, Black = 49%.} 0-1